00711nam a2200241 a 4500001001300000003000900013005001700022008004100039020001000080082002000090100001800110245004600128260004600174300000900220500003500229505002400264650003300288700001800321902000800339942000700347952010000354999001500454nice12345678IN_TiNIC20260116011529.0050524s1962 cama grp 000 0 eng  ac10000a305.608097bSOU aSouthern, R W aWestern Views of Islam in the Middle Ages aCambridgebHarvard University Pressc1962 a114p aincludes index and biblioraphy2 aBibliography, Index aIslam-Relations Christianity1 aSouthern, R W bSRS cBK 00104070aHMIbHMId2007-03-27g100.00l0o305.608097 SOUp02665r2007-03-27w2026-01-16yEB c2362d2362